000
00292nam a2200133Ia 4500
008
190216s9999||||xx |||||||||||||| ||und||
100
_a
Null
245
4
_a
The Review Of Economic Studies
250
_a
1st Ed.
260
_b
Ordina
_c
1978
300
_a
644
650
_a
Economics
942
_c
BK
999
_c
9363
_d
9363